000 00449pab a2200169 454500
008 180718b2012 xxu||||| |||| 00| 0 eng d
100 _aAlwis, Malathi de
245 _aGirl still burning inside my head: Reflections on suicide in Sri Lanka
260 _c2012
300 _ap.29-51.
362 _aFeb& Jun
650 _aSuicide - Sri Lanka
650 _aSuicide
773 _aContributions to Indian Sociology
908 _aN
909 _a96991
999 _c96991
_d96991